नगरवधुएँ अख़बार नहीं पढ़तीं / (Record no. 56160)

MARC details
000 -LEADER
fixed length control field 01306nam a22002777a 4500
005 - DATE AND TIME OF LATEST TRANSACTION
control field 20090121151350.0
008 - FIXED-LENGTH DATA ELEMENTS--GENERAL INFORMATION
fixed length control field 090121t xxu||||| |||| 00| 0 hin d
010 ## - LCCN (DPL NO)
LC control number HIN-93835
020 ## - INTERNATIONAL STANDARD BOOK NUMBER
Terms of availability 200.00
International Standard Book Number 9789380044668
035 ## - SYSTEM CONTROL NUMBER
System control number HN-66181
037 ## - SOURCE OF ACQUISITION
Source of stock number/acquisition DBAD /PUB
040 ## - CATALOGING SOURCE
Original cataloging agency DPL
Language of cataloging HN
082 ## - DEWEY DECIMAL CLASSIFICATION NUMBER
Classification number
100 ## - MAIN ENTRY--PERSONAL NAME
9 (RLIN) 33818
Personal name यादव, अनिल
245 ## - TITLE STATEMENT
Title नगरवधुएँ अख़बार नहीं पढ़तीं /
Statement of responsibility, etc अनिल यादव
Remainder of title कहानी-संग्रह /
246 ## - VARYING FORM OF TITLE
Title proper/short title Nagar vadhuyen akhabaar nahin padhtin
Remainder of title by Anil Yadav
260 ## - PUBLICATION, DISTRIBUTION, ETC. (IMPRINT)
Place of publication, distribution, etc ग़ाज़ियाबाद
Name of publisher, distributor, etc अंतिका प्रकाशन
Date of publication, distribution, etc 2011
270 ## - ADDRESS
Address सी-56/यूजीएफ-IV, शालीमार गार्डन, एक्सटेंशन-11
City ग़ाज़ियाबाद (उ.प्र.)
Postal code 201005
Telephone number 0120- 2648212
Electronic mail address antika56@gmail.com
300 ## - PHYSICAL DESCRIPTION
Extent 112पृ.
Dimensions 22सेमी (सजिल्द)
650 ## - SUBJECT ADDED ENTRY--TOPICAL TERM
9 (RLIN) 697
Topical term or geographic name as entry element लघु कथाएँ, हिन्दी
650 ## - SUBJECT ADDED ENTRY--TOPICAL TERM
9 (RLIN) 33922
Topical term or geographic name as entry element Short Stories, Hindi
700 ## - ADDED ENTRY--PERSONAL NAME
9 (RLIN) 33853
700 ## - ADDED ENTRY--PERSONAL NAME
9 (RLIN) 34065
942 ## - ADDED ENTRY ELEMENTS (KOHA)
Source of classification or shelving scheme Dewey Decimal Classification
Item type Hindi Books
Call number suffix यादव
Classification part
Holdings
Withdrawn status Lost status Source of classification or shelving scheme Damaged status Not for loan Collection code Home library Current library Date acquired Source of acquisition Cost, normal purchase price Total Checkouts Full call number Barcode Date last seen Copy number Cost, replacement price Koha item type
    Dewey Decimal Classification   Not For Loan Fiction D.B.Act.Division D.B.Act.Division 01/09/2011 DBAD / PUB 200.00   क यादव HN-66181 01/09/2011 1 200.00 Hindi Books

© Delhi Public Library
Hit Counter
free hit counter